Shishupalavadha Mahakavyam I (Record no. 1363)

MARC details
000 -LEADER
fixed length control field 00306nam a22001217a 4500
008 - FIXED-LENGTH DATA ELEMENTS--GENERAL INFORMATION
fixed length control field 260429b |||||||| |||| 00| 0 eng d
082 ## - DEWEY DECIMAL CLASSIFICATION NUMBER
Classification number 001363
100 ## - MAIN ENTRY--PERSONAL NAME
Personal name Panday, Janardhan Shastri
245 ## - TITLE STATEMENT
Title Shishupalavadha Mahakavyam I
260 ## - PUBLICATION, DISTRIBUTION, ETC.
Place of publication, distribution, etc. Delhi
Name of publisher, distributor, etc. Motilal Banarasidass
Date of publication, distribution, etc. 2017
300 ## - PHYSICAL DESCRIPTION
Extent 86p
942 ## - ADDED ENTRY ELEMENTS (KOHA)
Source of classification or shelving scheme Dewey Decimal Classification
Holdings
Withdrawn status Lost status Source of classification or shelving scheme Damaged status Not for loan Home library Current library Shelving location Date acquired Source of acquisition Inventory number Total Checkouts Full call number Barcode Date last seen Price effective from Koha item type
    Dewey Decimal Classification     Karnataka Samskrit University Library Karnataka Samskrit University Library General Stacks 04/29/2026 Book Paradise 94470   001363 001363 04/29/2026 04/29/2026 Books
    Dewey Decimal Classification     Karnataka Samskrit University Library Karnataka Samskrit University Library General Stacks 04/29/2026 Book Paradise 94470   001363 001364 04/29/2026 04/29/2026 Books

Powered by Koha